[Event "Dos Hermanas"]
[Site "Dos Hermanas"]
[Date "1997.04.05"]
[Round "4"]
[White "Illescas Cordoba, Miguel"]
[Black "Polgar, Judit"]
[Result "0-1"]
[WhiteElo "2635"]
[BlackElo "2645"]
[Annotator "Boensch,U"]
[PlyCount "64"]
[EventDate "1997.04.01"]
[EventType "tourn"]
[EventRounds "9"]
[EventCountry "ESP"]
[EventCategory "19"]
[SourceTitle "CBM 059"]
[Source "ChessBase"]
[SourceDate "1997.08.01"]
[SourceVersion "1"]
[SourceVersionDate "1997.08.01"]
[SourceQuality "1"]

1. e4 {Ftacnik} c5 2. Nf3 d6 3. d4 cxd4 4. Nxd4 Nf6 5. Nc3 a6 6. Bc4 e6 7. O-O
Be7 8. Bb3 O-O 9. f4 Nc6 10. Be3 Nxd4 11. Bxd4 b5 12. e5 dxe5 13. fxe5 Nd7 14.
Ne4 Bb7 15. Nd6 Bxd6 16. exd6 Qg5 17. Qe2 (17. Rf2 Rad8 (17... Kh8 $6 {N/} 18.
Qd2 $1 Qxd2 19. Rxd2 a5 20. a4 e5 (20... b4 $5 $14) 21. Be3 b4 22. Rf1 f6 $2 (
22... f5 23. Be6 f4 24. Bxf4 Nc5) 23. Be6 Bc6 24. b3 Rfe8 25. Bh3 Red8 (25...
Rab8 $5 $14) 26. c3 bxc3 27. Rc2 Nf8 28. Rxc3 Bd7 29. Bb6 Re8 30. Rc7 Bxh3 31.
gxh3 Red8 32. Rd1 Nd7 33. Ba7 f5 34. Bf2 h6 35. Bh4 g5 36. Be1 $18 {1-0 Van
der Wiel,J-Cifuentes Parada,R/NLD-ch 1996/CBM 54/[Bykhovsky,Av] (49)}) (17...
e5 18. Bc3 Nf6 (18... e4 19. Qf1 Qg6 20. Re1 b4 21. Bxb4 Ne5 22. d7 Rfd8 23.
Bc3 Nf3+ 24. Kh1 Ng5 25. Ba4 Bc6 26. Rf6 Bxa4 27. Rxg6 hxg6 28. h4 Ne6 29. Rxe4
Bxd7 30. Qe2 Bb5 31. Qe3 Re8 32. h5 gxh5 33. Qg3 g5 34. Qe5 Kh7 35. Qf5+ {
1-0 Van der Wiel,J-Peek,M/Amsterdam Donner op 1996/EXT 96op2}) 19. Qf1 Nd5 20.
Bxd5 Bxd5 21. Rd2 Bc6 22. d7 $16 {Rade,M-Lisenko,A/Mravinei/1994/1:0/64/}) (
17... a5 18. Qe2 (18. a4 b4 19. Qd2 (19. Qe2 Ra6 20. Qb5 Qxb5 21. axb5 Rxd6 22.
Be3 Ra8 23. Bf4 Rd4 24. Be3 {0,5/Winants,L-Tukmakov,V/Wijk/1993/}) 19... Qxd2
20. Rxd2 Rac8 21. Re1 Ba6 22. c3 Bc4 $10 {Oll,L-Loginov,V/URS/1987/}) 18... Ra6
19. Bxe6 Rxd6 20. Bxd7 Rxd7 21. c3 $10 {Gershon,A-Leitao,R/Guarapuava/1995/})
18. Qe2 Bd5 19. Rd1 Bxb3 20. axb3 e5 21. Bc3 f5 22. Ba5 Rde8 23. c4 Rf7 24. Rd5
Nf6 25. Rxe5 Rxe5 26. Qxe5 Ne4 27. d7 Qc1+ 28. Rf1 Qe3+ 29. Kh1 Rf8 30. Bc3 Qh6
31. Qd5+ Kh8 32. Qxe4 {1-0 Galdunts,S-Lauber,A/Pardubice Komercni Banka op
1996/EXP 55}) 17... Kh8 $146 (17... a5 18. c3 (18. a4 b4 19. Bc4 {/\ Bb5} (19.
Bc4 {Ftacnik} e5 20. Be3 Qg6 21. Rad1 Rac8 22. Rf2 Kh8 23. h4 f5 24. Bg5 f4 25.
Bb5 Bc6 26. Qg4 Nf6 27. Qe6 {1/2-1/2 Berzinsh,R-Aagaard,J/Aarhus op (09) 1993 
(38)})) 18... Ra6 19. Rad1 Rxd6 20. Rd3 Qe7 21. Rh3 e5 22. Rf4 Qg5 23. Rf2 exd4
24. Rxf7 {0-1 Schneider,D-Fishbein,A/New York op 1997/EXP 57}) (17... Rac8 $2
18. Rad1 Nc5 19. d7 Nxd7 20. Bxg7 Kxg7 21. Rxd7 $16 {Wittmann,W-Boensch,U/
EUCup Gr6 Clichy 1993/CBM 38/1/2-1/2 (72)}) (17... Bd5 $6 18. Rad1 Bxb3 19.
axb3 {/\ c4-c5}) (17... e5 18. Bc3 (18. Be3 Qg6 19. Rad1 Kh8 20. h4 (20. Bc1 f5
21. Bd5 Bxd5 22. Rxd5 f4 23. Qd3 e4 24. Qh3 e3 25. Kh1 Nf6 26. Rf5 Ng4 27.
Rxf8+ Rxf8 28. Bxe3 Qxd6 29. Bg1 {Del Rio,S-Noden,N/WchJM-U18 Bratislava (03)/
1993/1/2-1/2 (74)}) (20. c3 f5 (20... Be4 21. Qf2 f5 22. Qg3 Qe8 23. Bg5 f4 24.
Qf2 Qg6 25. Be7 Rf5 26. Rfe1 Bc6 {0-1 Hamann,S-Gligoric,S/Skopje olm/1972 (51)}
) 21. Bc2 Rf6 22. h4 h6 23. Rf2 Qf7 24. Bg5 hxg5 25. hxg5 Re6 26. Bxf5 Rf8 27.
g6 Rxg6 28. Bxg6 Qxg6 29. Rxf8+ Nxf8 30. d7 Nxd7 31. Rxd7 {1-0 Del Rio,S-Gomez
Esteban,J/Pamplona op/1995 (37)}) 20... Nf6 (20... f5 21. h5 (21. Bg5 f4 22.
Bd5 Bxd5 23. Rxd5 Rac8 24. c3 Qe6 25. Rd2 Rc4 26. Rf3 Qf5 27. b3 Rc6 28. Rd5 {
Del Rio,S-Rivera,D/Alcobendas op (06) 1993/1/2-1/2 (63)}) 21... Qf6 22. a4 f4
23. Qg4 Bc6 24. Be6 Rad8 25. Bf2 Qh6 26. Bh4 Nf6 27. Qg5 Qxg5 28. Bxg5 {
1/2-1/2 Browne,W-Donner,J/Wijk (12)/1974 (31)}) 21. d7 Qg3 (21... Rfd8 22. Rd6
$1 Rxd7 $2 23. Rfxf6 $1 $18) (21... Bc6 22. Rd6 $1 $16) (21... Rad8 22. Bc5 Rg8
23. Be7 $16) 22. Rxf6 $1 (22. Qf2 Qg4 $1 $13) 22... gxf6 {Zapata,A-Rodriguez,
Am/Bucaramanga/1992/} 23. Qf2 $16 (23. Qf2 $1 Qg7 24. Bc5 Rfd8 25. Be7 f5 26.
Rd6 Kg8 27. Bf6 Qg4 28. Bxe5 $16) (23. Bc5 $2 Rg8 24. Be7 Qxh4 $1 25. Bd5 $8 (
25. d8=Q $2 Raxd8 26. Rxd8 Rxd8 27. Bxd8 Qd4+ $17) 25... Bxd5 26. Rxd5 Rxg2+ $1
27. Qxg2 Qe1+ 28. Kh2 Qh4+ 29. Qh3 Qf2+ 30. Kh1 Qe1+ {1/2-1/2 Zapata,
A-Rodriguez,Am/Bucaramanga/1992/})) 18... Qg6 19. Rad1 Kh8 (19... Rac8 20. Ba5
Kh8 21. Bc7 f5 22. Bd5 Bxd5 23. Rxd5 f4 24. a4 e4 25. Qh5 Qe6 26. axb5 axb5 27.
Rxb5 f3 {1-0 Leitao,R-Bates,R/WchJM-U16 Guarapuava (09)/1995 (41)}) 20. Bd5 (
20. a4 bxa4 $1 21. Bxa4 Nc5 $132) 20... Bxd5 (20... Qxd6 21. Bxf7 Qb6+ 22. Kh1
$14) 21. Rxd5 Qe6 22. Rfd1 Rfc8 $146 (22... f5 23. a4 bxa4 24. Bxe5 (24. Ra5 f4
25. Rxa4 Qg6 26. Kh1 Rae8 27. Rxa6 e4 {1-0 Pachmann,A-Jedlicka,A/CZE-chT1a
9495 (09)/1995 (32)}) 24... Rae8 25. c4 Nxe5 26. d7 Nxd7 27. Qxe6 Rxe6 28. Rxd7
Rc6 29. R1d4 {0,5/Christiansen,L-Spasov,L/Indonesia/1982/}) 23. Ba5 $1 (23. a4
bxa4 $1 24. Qe4 Rab8 $132) 23... Rc6 24. b3 (24. a4 $5 {Lepeshkin,V} bxa4 25.
Qe4 $1 Qg6 $8 26. Rxe5 $8 Nxe5 27. Qxe5 Rxc2 28. Qd5 $1 Rg8 $1 29. d7 h6 30.
d8=Q Rxd8 31. Qxd8+ Kh7 32. Rd2 Rc1+ 33. Rd1 $8 Rc2 $132) 24... Rac8 (24... Re8
$5 25. c4 bxc4 26. bxc4 f5 $13) (24... h6 25. c4 bxc4 26. bxc4 Rb8) 25. Bc7 $14
{1/2-1/2 Short,N-Kasparov,G/PCA-Wch London 1993/CBM 36/[Ftacnik] (39)} (25. Bc7
{Ftacnik} Re8 26. c4 bxc4 27. bxc4 f5 {1/2-1/2 Short,N-Kasparov,G (14)/PCA-Wch
London/1993 (39)})) 18. Rad1 (18. c4 {Ftacnik} bxc4 19. Bxc4 e5 20. Bc3 f5 21.
Qd2 Qg6 22. Bd5 Qxd6 23. Bxb7 Qb6+ 24. Kh1 Qxb7 25. Rad1 Rf7 26. Qd5 Qxd5 27.
Rxd5 g6 28. Rfd1 Ra7 29. Ra5 Kg8 30. Rd6 Rf6 31. Rxf6 Nxf6 32. Bxe5 Ng4 33. Bd4
Rd7 {Del Rio,S-Villavicencio,A/ESP-ch (02)/1993/1/2-1/2 (57)}) 18... Qg6 (18...
e5 {Ftacnik} 19. Be3 Qg6 20. Bd5) 19. c4 (19. Rd3 e5 20. Bc3 f5 $36) 19... bxc4
(19... e5 $6 {Ftacnik} 20. Bc3 bxc4 21. Bxc4 f5 22. Bd5 $1 Qxd6 23. Bxb7 Qb6+
24. Kh1 Qxb7 25. Qd3 $14) 20. Bxc4 f5 $1 21. Bc3 (21. Bxe6 $4 Rae8 (21... Rfe8
{Ftacnik} 22. Rd3 Rxe6 23. Qd2 Nf6 $19) 22. Rde1 Rxe6 $19) (21. Bd3 {Ftacnik}
e5 22. Bc3 e4 23. Bc2 f4 $40) 21... f4 {Black must fight for the counterplay,
since white's bishop pair is too strong. Schwwarz muss einfach um Gegenspiel
kampfen, weil weissen Lauferpaar ist zu stark.} 22. Bd3 (22. Kh1 $1 {Ftacnik}
e5 (22... f3 23. gxf3 Qh5 24. Rd3 Nc5 25. Re3 $16) 23. Bd5 Bxd5 24. Rxd5 Qe6 (
24... e4 25. Rd4 Rae8 26. Qxa6 $16) 25. Rfd1 $14) 22... f3 $1 23. Qf2 (23. Rxf3
{Ftacnik} Bxf3 24. Qxf3 Rxf3 25. Bxg6 Rxc3 $19) 23... Qh5 (23... Qxg2+ $2 24.
Qxg2 fxg2 25. Rfe1 $44 {^^} (25. Rfe1 {Ftacnik} Nc5 26. Bc4 $13)) (23... Qg4
24. Qg3 f2+ 25. Kh1 Qxg3 26. hxg3 e5 $17) (23... fxg2 $2 {Ftacnik} 24. Qxf8+
Nxf8 25. Rxf8+ Rxf8 26. Bxg6 Bf3 (26... hxg6 27. d7 Bd5 28. Ba5 $18) 27. d7
Bxd1 28. Be8 $18) 24. Qg3 (24. g3 {Ftacnik} e5 $36) (24. gxf3 {Ftacnik} Rxf3
25. Qg2 (25. Qe2 Qg4+ $19) 25... Rxf1+ 26. Qxf1 Qg5+ 27. Kf2 Rf8+ $19) 24... e5
25. gxf3 Bxf3 26. Rde1 Rae8 27. Re3 (27. Bxa6 $2 Re6 (27... Rf5 {Ftacnik} 28.
Bb5 Rg5 29. Rxf3 Rxg3+ 30. Rxg3 Qf7 31. Bxd7 Qxd7 32. Bxe5 $18) 28. Bd3 Rf7 (
28... Rxd6 $2 29. Bxe5 Nxe5 30. Rxe5 $18) 29. Re3 (29. Bc4 Rg6 30. Bxf7 Rxg3+
31. hxg3 Qxf7 $17) 29... e4 30. Rfxf3 exf3 31. Rxe6 f2+ 32. Kh1 (32. Kg2 Qd5+
33. Re4 Qxe4+ $19) (32. Qxf2 Rxf2 33. Kxf2 Qf7+ $19) 32... Qd1+ 33. Be1 Nf8 $1
34. Re8 Rf3 35. Bc4 (35. Bf1 fxe1=Q 36. Rxe1 Rxf1+ 37. Rxf1 Qxf1+ 38. Qg1 Qf3+
39. Qg2 Qd1+ 40. Qg1 Qxd6 $19) (35. d7 Qxe1+ 36. Rxe1 Rxg3 37. Rf1 Rxd3 38.
Rxf2 Nxd7 $19) 35... h6 $19) 27... Bc6 28. Rfe1 $2 (28. Bxa6 $1 Rxf1+ 29. Bxf1
Re6 30. Be2 Qh6 (30... Qg6 $14 {Ftacnik}) 31. Bg4 Rxd6 $13 (31... Rg6 32. Bd2
$18)) 28... Qf7 29. Bxe5 $4 (29. Qh4 h6 $15 (29... h6 {Ftacnik} 30. a3 Re6 $13)
) (29. Bxa6 $6 {Ftacnik} Qxa2 $15) 29... Nxe5 30. Rxe5 Qa7+ $19 31. R5e3 (31.
R1e3 Rxe5 32. Qxe5 Rf3 $19 (32... Re8 $19 {Ftacnik})) (31. Qe3 Rxe5 32. Qxa7
Rxe1+ (32... Rg5# {Ftacnik}) 33. Bf1 Rfxf1#) 31... Rf3 32. Qh4 h6 {Turmverlust
ist nicht zu vermeiden.} (32... Rfxe3 $4 {Ftacnik} 33. Qxh7#) 0-1

[Event "St Petersburg"]
[Site "St Petersburg"]
[Date "1992.??.??"]
[Round "?"]
[White "Kuzmin, Gennadi P"]
[Black "Lerner, Konstantin Z"]
[Result "1-0"]
[WhiteElo "2535"]
[BlackElo "2515"]
[Annotator "Boensch,U"]
[PlyCount "57"]
[EventDate "1992.??.??"]
[EventType "tourn"]
[EventRounds "11"]
[EventCountry "RUS"]
[EventCategory "10"]
[SourceTitle "CBM 030"]
[Source "ChessBase"]
[SourceDate "1992.10.01"]
[SourceVersion "1"]
[SourceVersionDate "1992.10.01"]
[SourceQuality "1"]

1. e4 c5 2. Nf3 Nc6 3. d4 cxd4 4. Nxd4 Nf6 5. Nc3 d6 6. Bc4 e6 7. Be3 a6 8. Qe2
Qc7 9. a4 $5 $146 (9. O-O-O Na5 10. Bd3 b5 11. g4 b4 12. Nb1 e5 $146 (12... Bb7
) 13. Nf5 Be6 14. b3 g6 15. g5 Nd7 16. Nh6 Bg7 17. h4 Nc5 18. Nd2 Rc8 19. Kb1
Nxd3 20. Qxd3 Qc3 21. h5 Nb7 22. Qxa6 Qxc2+ 23. Ka1 Qc3+ 24. Kb1 Qc2+ 25. Ka1 {
1/2 Nunn,J-Salov,V Wijk(3) 1992}) 9... Be7 10. O-O O-O (10... Nxe4 11. Nxe4 d5
12. Bxd5 exd5 13. Nc3 Qe5 (13... Be6 14. f4 $16) 14. Nf3 $14) 11. Kh1 Re8 12.
Bb3 Bd7 13. f4 Na5 14. Ba2 Rac8 15. Rae1 Nc4 16. Bc1 Qb6 17. Bxc4 Qxd4 18. Bb3
Bc6 19. h3 d5 20. e5 Ne4 21. Nxe4 dxe4 22. Rd1 Qc5 23. Be3 Qa5 24. f5 $1 Bxa4
$2 (24... Qxe5 25. Qg4 (25. Bd4 Qg3 26. fxe6 f6 $13) 25... Rcd8 (25... Bf6 $2
26. Bd4 Qxd4 27. Rxd4 Bxd4 28. fxe6 f6 29. e7+ Kh8 30. Bf7 $18) 26. Rxd8 Bxd8
$13) 25. Bxa4 Qxa4 26. f6 gxf6 (26... Bf8 27. fxg7 Bxg7 (27... Bc5 28. Qh5 Re7
29. Bxc5 Rxc5 30. Rd8+ Kxg7 31. Qg5#) 28. Qg4 $18) 27. exf6 Bf8 28. Qg4+ Kh8
29. Rf3 $3 {Boensch} (29. Rf3 Qxc2 30. Rg3 $18) 1-0

[Event "Altensteig"]
[Site "Altensteig"]
[Date "1992.??.??"]
[Round "7"]
[White "Mueller, Karsten"]
[Black "Vogt, Lothar"]
[Result "0-1"]
[WhiteElo "2490"]
[BlackElo "2530"]
[Annotator "Boensch,U"]
[PlyCount "82"]
[EventDate "1992.07.??"]
[EventType "tourn"]
[EventRounds "11"]
[EventCountry "GER"]
[EventCategory "11"]
[SourceTitle "CBM 031"]
[Source "ChessBase"]
[SourceDate "1992.12.01"]
[SourceVersion "1"]
[SourceVersionDate "1992.12.01"]
[SourceQuality "1"]

1. e4 c5 2. Nf3 e6 3. d4 cxd4 4. Nxd4 Nf6 5. Nc3 d6 6. Bc4 Be7 7. Be3 O-O 8.
O-O Nc6 9. Bb3 Na5 10. f4 Nxb3 11. axb3 a6 12. Qf3 Qc7 13. g4 Nd7 14. g5 Re8
15. h4 $6 (15. Qg3 Rb8 16. f5 Ne5 17. f6 Bf8 18. Rf4 b5 19. Rh4 b4 20. Nd1 Ng6
$13 {Muhutdinov,M-Naidoski,T Moskow VDFSO 1992 1-0 32}) 15... Bf8 16. h5 Rb8
17. Rf2 b5 18. b4 (18. g6 fxg6 19. hxg6 hxg6 20. Rg2 b4 21. Nd1 e5 $17) 18...
Bb7 19. Raf1 (19. g6 fxg6 20. hxg6 hxg6 21. Qg4 Nf6 22. Qxg6 Qf7 $15) 19... Qc4
$1 20. g6 fxg6 21. hxg6 hxg6 22. Qh3 Nf6 23. Rh2 $6 (23. e5 Nd5 $2 (23... Ne4
24. Nxe4 Bxe4 $13) (23... Nh5 $5) 24. Nxe6 $1 Nxe3 25. Ng5 $18) 23... Nxe4 $17
24. Nf3 Kf7 25. Nxe4 (25. Ng5+ Ke7 26. Ncxe4 Bxe4 27. b3 Qd5 $17) 25... Bxe4
26. b3 Qd5 27. Ng5+ Ke7 28. Rd2 Qf5 29. Qg3 Bd5 30. Ra1 Ra8 31. Rc1 Rec8 32. c4
bxc4 33. bxc4 Rxc4 34. Rxc4 Bxc4 $19 35. Nf3 Bd5 36. Nh4 Qb1+ 37. Kf2 Kf7 $1
38. f5 Kg8 (38... gxf5 $2 39. Qg6+ Kg8 40. Rxd5 exd5 41. Nxf5 $10 {/\Nh6-f7})
39. Rxd5 (39. fxg6 Be7 $19) 39... exd5 40. Qf3 Qe4 41. Nxg6 Re8 {Boensch} 0-1

[Event "Zonal Randers Preliminaries B"]
[Site "Randers"]
[Date "1982.??.??"]
[Round "8"]
[White "Sigurjonsson, Gudmundur"]
[Black "Hoelzl, Franz"]
[Result "1-0"]
[WhiteElo "2435"]
[BlackElo "2405"]
[Annotator "Bulletin"]
[PlyCount "37"]
[EventDate "1982.01.09"]
[EventType "tourn"]
[EventRounds "11"]
[EventCountry "DEN"]
[EventCategory "7"]
[SourceTitle "MCL"]
[Source "ChessBase"]
[SourceDate "1999.07.01"]
[SourceVersion "1"]
[SourceVersionDate "1999.07.01"]
[SourceQuality "1"]

1. e4 c5 2. Nf3 Nc6 3. d4 cxd4 4. Nxd4 Nf6 5. Nc3 d6 6. Bc4 e6 7. Bb3 a6 8. f4
Be7 9. Be3 Bd7 10. O-O Rc8 (10... O-O) 11. f5 e5 12. Ne6 $1 fxe6 13. fxe6 Na5
14. Nd5 Bxe6 15. Nxf6+ Bxf6 16. Bxe6 Nc4 17. Bc1 Qb6+ 18. Kh1 Rc6 19. Rxf6 (19.
Rxf6 gxf6 20. Qh5+ Kd8 21. Qf7 Qc7 22. Qxf6+ $18) 1-0

[Event "YUG Cup"]
[Site "Ulcinj"]
[Date "1998.??.??"]
[Round "7"]
[White "Kovacevic, Aleksandar"]
[Black "Arsovic, Zoran"]
[Result "1/2-1/2"]
[WhiteElo "2515"]
[BlackElo "2430"]
[Annotator "Bulletin"]
[PlyCount "93"]
[EventDate "1998.??.??"]
[EventType "team"]
[EventRounds "7"]
[EventCountry "YUG"]
[SourceTitle "EXT 1999"]
[Source "ChessBase"]
[SourceDate "1998.11.16"]
[SourceVersion "1"]
[SourceVersionDate "1998.11.16"]
[SourceQuality "1"]

1. e4 c5 2. Nf3 e6 3. d4 cxd4 4. Nxd4 Nc6 5. Nc3 d6 6. Bc4 Nf6 7. Be3 a6 8. Bb3
Qc7 9. f4 Be7 10. Qf3 O-O 11. O-O-O b5 12. e5 Nxd4 13. Bxd4 dxe5 14. Bxe5 Qb7
15. Qg3 b4 16. Na4 Qc6 17. Rd4 Bb7 18. Rc4 Qb5 19. Rc7 Bd8 20. c4 bxc3 21. Nxc3
Qb6 22. Rd7 g6 23. Bd4 Nxd7 24. Bxb6 Nxb6 25. h4 Rc8 26. h5 Be4 27. Qe3 $2 Bxg2
28. Rh2 Nd5 29. Bxd5 Bxd5 30. Kb1 Bf6 31. hxg6 hxg6 32. Nxd5 exd5 33. a3 Rfe8
34. Qf3 Re4 35. f5 g5 36. Rh6 Rc6 37. Qg2 g4 38. Qd2 Rd4 39. Qe3 Re4 40. Qd2
Rd4 41. Qh2 Rdc4 42. Qb8+ Rc8 43. Qb6 Bd4 44. Rg6+ $5 Kh8 (44... fxg6 45. Qxg6+
Bg7 46. f6 R4c7 47. Qxg4 $11) 45. Rh6+ Kg8 46. Rg6+ Kh8 47. Rh6+ 1/2-1/2

[Event "SUI-ch"]
[Site "Switzerland"]
[Date "1993.??.??"]
[Round "?"]
[White "Ekstroem, Roland"]
[Black "Summermatter, Daniel"]
[Result "1-0"]
[WhiteElo "2420"]
[BlackElo "2335"]
[Annotator "Bulletin"]
[PlyCount "61"]
[EventDate "1993.??.??"]
[EventType "tourn"]
[EventRounds "11"]
[EventCountry "SUI"]
[EventCategory "5"]
[SourceTitle "CBM 037"]
[Source "ChessBase"]
[SourceDate "1993.12.01"]
[SourceVersion "1"]
[SourceVersionDate "1993.12.01"]
[SourceQuality "1"]

1. e4 c5 2. Nf3 Nc6 3. d4 cxd4 4. Nxd4 Nf6 5. Nc3 d6 6. Bc4 e6 7. O-O Bd7 8.
Bb3 a6 9. f4 Nxd4 10. Qxd4 Rc8 11. Kh1 Ng4 $6 (11... Bc6 12. f5 e5 13. Qd3 h6
$13) 12. h3 h5 13. Bd2 Rh7 14. Qd3 $2 (14. Be1 $5 $14) 14... Qb6 15. Qe2 Be7
16. a4 Bf6 17. Rf3 Bd4 18. Raf1 Qc5 19. f5 Nf6 $2 (19... Bf6 $15) 20. fxe6 fxe6
21. e5 $1 $18 Qxe5 22. Qd3 Rh8 23. Re1 Qc5 24. Bxe6 Bxe6 25. Rxe6+ Kd7 26. Ne4
Nxe4 27. Qxe4 Be5 28. Rxe5 dxe5 29. Qxb7+ Ke6 $2 (29... Rc7 $16) 30. Qf7+ Kd6
31. Rd3+ 1-0

[Event "POL-ch 52nd"]
[Site "Warsaw"]
[Date "1995.??.??"]
[Round "12"]
[White "Jaracz, Pawel"]
[Black "Weglarz, Leszek"]
[Result "1-0"]
[WhiteElo "2410"]
[BlackElo "2365"]
[Annotator "Bulletin"]
[PlyCount "45"]
[EventDate "1995.02.11"]
[EventType "tourn"]
[EventRounds "17"]
[EventCountry "POL"]
[EventCategory "8"]
[SourceTitle "EXT 1999"]
[Source "ChessBase"]
[SourceDate "1998.11.16"]
[SourceVersion "1"]
[SourceVersionDate "1998.11.16"]
[SourceQuality "1"]

1. e4 c5 2. Nf3 Nc6 3. d4 cxd4 4. Nxd4 Nf6 5. Nc3 d6 6. Bc4 e6 7. Be3 Be7 8.
Qe2 O-O 9. Bb3 a6 10. Rg1 Nd7 11. g4 Nxd4 12. Bxd4 b5 13. g5 Nc5 14. Qh5 Nxb3
15. axb3 e5 16. Be3 Be6 17. O-O-O a5 18. f4 g6 $2 (18... exf4 19. Bxf4 a4) 19.
Qh6 b4 (19... exf4 20. Bd4 f6 21. gxf6 Bxf6 22. Rxg6+ $1 hxg6 23. Qxg6+ Kh8 24.
Qh5+ Kg8 25. Rg1+ $18) 20. f5 $1 bxc3 (20... gxf5 21. g6 fxg6 22. Rxg6+) 21.
Rxd6 $1 a4 (21... Qxd6 22. f6 $18) (21... gxf5 22. Rxe6 $1 (22. g6 fxg6 23.
Rxg6+ hxg6 24. Qxg6+ Kh8 25. Qh6+ Kg8 26. Qxe6+ Rf7 27. Rxd8+ Rxd8 28. exf5))
22. Rxd8 axb3 23. Qxf8+ $1 1-0

[Event "NED-ch51"]
[Site "Amsterdam"]
[Date "1996.06.14"]
[Round "7"]
[White "Van der Wiel, John"]
[Black "Cifuentes Parada, Roberto"]
[Result "1-0"]
[WhiteElo "2535"]
[BlackElo "2490"]
[Annotator "Bykhovsky,Av"]
[PlyCount "99"]
[EventDate "1996.06.07"]
[EventType "tourn"]
[EventRounds "11"]
[EventCountry "NED"]
[EventCategory "11"]
[SourceTitle "CBM 054"]
[Source "ChessBase"]
[SourceDate "1996.10.01"]
[SourceVersion "1"]
[SourceVersionDate "1996.10.01"]
[SourceQuality "1"]

1. e4 c5 2. Nf3 d6 3. d4 cxd4 4. Nxd4 Nf6 5. Nc3 Nc6 6. Bc4 e6 7. Be3 Be7 8.
Bb3 O-O 9. O-O a6 10. f4 Nxd4 11. Bxd4 b5 12. e5 dxe5 13. fxe5 Nd7 14. Ne4 Bb7
15. Nd6 Bxd6 16. exd6 Qg5 17. Rf2 Kh8 $6 {N/} (17... e5 18. Bc3 Nf6 19. Qf1 Nd5
20. Bxd5 Bxd5 21. Rd2 Bc6 22. d7 $16 {Rade,M-Lisenko,A/Mravinei/1994/1:0/64/})
(17... a5 18. Qe2 Ra6 19. Bxe6 Rxd6 20. Bxd7 Rxd7 21. c3 $10 {Gershon,A-Leitao,
R/Guarapuava/1995/}) (17... a5 18. a4 b4 19. Qd2 Qxd2 20. Rxd2 Rac8 21. Re1 Ba6
22. c3 Bc4 $10 {Oll,L-Loginov,V/URS/1987/}) 18. Qd2 $1 Qxd2 19. Rxd2 a5 20. a4
e5 (20... b4 $5 $14) 21. Be3 b4 22. Rf1 f6 $2 (22... f5 23. Be6 f4 24. Bxf4 (
24. Bxd7 fxe3 25. Rxf8+ Rxf8 26. Re2 Rd8 27. Bb5 Rxd6 28. Rxe3 e4 $10) 24...
Nc5) 23. Be6 Bc6 24. b3 Rfe8 25. Bh3 Red8 (25... Rab8 $5 $14) 26. c3 bxc3 27.
Rc2 Nf8 28. Rxc3 Bd7 29. Bb6 Re8 30. Rc7 Bxh3 31. gxh3 Red8 32. Rd1 Nd7 33. Ba7
f5 (33... Kg8 $5 $14) 34. Bf2 h6 35. Bh4 g5 36. Be1 $18 Kg7 37. Rd5 Kf6 38.
Bxa5 Ke6 39. Rb5 Kxd6 40. Rc2 Rdc8 41. Bb4+ Ke6 42. Rd2 Rc1+ 43. Kg2 Nf8 44.
Rd6+ Kf7 45. Rxe5 f4 46. Rf5+ Kg7 47. Rc5 Rc8 48. Rxc8 Rxc8 49. a5 Rc2+ 50. Rd2
1-0

[Event "Biel Suri Memorial"]
[Site "Biel"]
[Date "2014.07.24"]
[Round "10"]
[White "Harikrishna, Pentala"]
[Black "Hou, Yifan"]
[Result "1-0"]
[WhiteElo "2726"]
[BlackElo "2629"]
[Annotator "CB"]
[PlyCount "145"]
[EventDate "2014.07.14"]
[EventType "tourn"]
[EventRounds "10"]
[EventCountry "SUI"]
[EventCategory "19"]
[SourceTitle "CBM 162"]
[Source "ChessBase"]
[SourceDate "2014.09.17"]
[SourceVersion "1"]
[SourceVersionDate "2014.09.17"]
[SourceQuality "1"]

1. e4 c5 2. Nf3 d6 3. d4 cxd4 4. Nxd4 Nf6 5. Nc3 a6 6. Bc4 e6 7. O-O Nc6 8.
Nxc6 {Unusual but it has been played.} bxc6 9. Qe2 d5 10. Bb3 Be7 11. Ba4 Bd7
12. e5 Ng8 13. Qg4 g6 14. Ne2 h5 15. Qf3 Nh6 16. Bxh6 Rxh6 {Although
unorthodox, the placement on the rook on h6 is not devastating to Black's
position. The closed nature of the game and the pair of bishop's potential
power compensates.} 17. c4 Kf8 18. Nd4 Rc8 19. Rac1 c5 20. Bxd7 Qxd7 21. Ne2 d4
22. b4 h4 $5 {Bringing the rook in through the 5th rank.} 23. bxc5 Rh5 24. Rfd1
Rxe5 $6 (24... Bxc5 {was important to keep d4 under protection.} 25. Nf4 Rf5
$11) 25. Nxd4 Qe8 (25... Bxc5 26. Qf6 $1 $16 {may have been what Hou Yifan
missed.}) 26. Qf4 Rcxc5 (26... Rexc5 27. Nxe6+ $16) 27. Nb3 Rf5 (27... Bg5 28.
Qd4 Bf6 29. Nxc5 Re1+ 30. Rxe1 Bxd4 $14) 28. Qh6+ Kg8 29. Nxc5 Bxc5 $2 (29...
Bg5 30. Qxg5 Rxg5 31. Ne4 {and the rook on g5 cannot defend f6 and itself,
because of the fork on d6.} Qe7 $1 (31... Rf5 32. Nd6 $18) 32. Nxg5 Qxg5 33. c5
$1 h3 34. g3 Qg4 35. Kf1 $1 Qf3 $1 {Black's counterplay seems just enough to
draw.}) 30. Rc2 Be7 31. Qe3 Qc6 32. Kh1 Kh7 33. Rd4 Kg7 34. Qe4 Qb6 35. Rd1 Bf6
36. Qe3 {The conversion isn't quick, but Harikrishna proves that it does come
eventually.} Qc6 37. c5 Kh7 38. h3 Be7 39. Rd4 Kg8 40. Rdc4 a5 41. Qc3 Rd5 42.
Qf3 Qd7 43. Rc1 Rf5 44. c6 Rxf3 45. cxd7 Rd3 46. Rc7 Bd8 47. Rb7 Kf8 48. Kg1
Ke7 {White will lose d7 but the endgame is winning.} 49. Kf1 Rd2 50. Rc8 g5 51.
Ke1 Rd5 52. Ke2 f5 53. Ke3 Rd1 54. Ke2 Rd4 55. Rbb8 Rxd7 56. Rc3 Rd4 57. Rd3
Re4+ 58. Kd2 Rf4 59. f3 Bc7 60. Rb7 Rc4 61. Rc3 Rxc3 62. Kxc3 Kd6 63. Kc4 Kc6
64. Ra7 Bb6 65. Ra8 Bc7 66. Ra7 Kb6 67. Ra8 Kc6 68. a4 Kd7 69. Ra6 Bd8 70. Kb5
Bc7 71. Kc5 Bd8 72. Ra7+ Bc7 73. Rb7 1-0